000 00581nam a2200241 a 4500
001 nice12345678
003 IN_TiNIC
005 20260116011445.0
008 050524s0000 phia grp 000 0 eng
020 _a
_c100
082 0 0 _a230
_bFOR2
100 _aFroman, Charles W
245 _aFaith for the Nations
260 _aPhiladelphia
_bWestminster Press
_c0000
300 _a91p
500 _aincludes index and biblioraphy
505 2 _aReference
650 _aChristian-Theology
700 1 _aFroman, Charles W
902 _bSRS
942 _cBK
999 _c1701
_d1701